000 00504nam a2200181Ia 4500
005 20250326140746.0
008 250326s9999 xx 000 0 und d
037 _aTextbook
040 _aFMSL
_beng
_cFMSL
041 _aeng
_2eng
084 _aD658(B) N8
_qFMSL
100 _aSchildt H
_9741775
245 0 _aMFC Programming form the ground up
_cSchildt H
260 _aNew York
_bNew York, McGraw-Hill
_c1998
300 _a663p
942 _cTB
_hD658(B) N8
999 _c1287163
_d1287163